Pays Producteurs d'Huile d'Olive - Statistiques

Statistiques générales
  • Ce quiz a été pris 63 fois
  • Le résultat moyen est 15 sur 20
Statistiques - réponses
Production
(Tonnes)
Pays % Production
Mondiale
% Correct
854001 Espagne 33
96%
359540 Italie 14
96%
228850 Grèce 9
95%
81300 Algerie 3
87%
120200 Maroc 5
87%
175529 Portugal 7
87%
234515 Turquie 9
85%
40000 Egypte 2
84%
210000 Tunisie 8
82%
16000 Libye <1
80%
12000 Etats-Unis <1
78%
16500 Israël <1
75%
17300 Liban <1
71%
28500 Albanie 1
65%
89257 Syrie 3
65%
6863 Iran <1
64%
25028 Jordanie 1
58%
31000 Argentine 1
53%
23500 Australie <1
44%
23200 Chili <1
40%
Aucun quiz correspondant
Distribution des résultats
% des personnes avec chaque résultat
Percentile par nombre de réponses
Votre historique - résultats
Vous n’avez pas pris ce quiz